000 00436cam a22001337a 4500
008 180718b1999 xxu||||| |||| 00| 0 eng d
082 _aA81x54 91/31/PT4A/C
100 _aCensus of India 1991
245 _aDelhi: socio-cultural tables
260 _aNew Delhi
_bThe Controller of Publications
_c1999
300 _a68+p.
440 _aCensus of India 1991. Series 31, Delhi. Part IV A-C series
650 _aDelhi - Social aspects - Census
999 _c490505
_d490505